Westlichste Groß- und Mittelstädte in Deutschland - Statistiken

Allgemein
  • Dieses Quiz wurde 57 mal gespielt
  • Das Durchschnittsergebnis liegt bei 5 aus 20
Antwortstatistiken
Bundesland Längengrad Einwohner Groß- oder Mittelstadt % Korrekt
Nordrhein-Westfalen 6° 5´ 262.670 Aachen
100%
Nordrhein-Westfalen 6° 8´ 53.028 Kleve
47%
Nordrhein-Westfalen 6° 6´ 43.163 Heinsberg
41%
Nordrhein-Westfalen 6° 21´ 34.890 Jülich
37%
Nordrhein-Westfalen 6° 16´ 57.534 Eschweiler
35%
Nordrhein-Westfalen 6° 10´ 34.907 Goch
29%
Nordrhein-Westfalen 6° 8´ 40.145 Würselen
29%
Nordrhein-Westfalen 6° 20´ 34.962 Geldern
27%
Nordrhein-Westfalen 6° 6´ 48.574 Herzogenrath
25%
Nordrhein-Westfalen 6° 10´ 48.810 Alsdorf
24%
Nordrhein-Westfalen 6° 19´ 45.315 Erkelenz
24%
Nordrhein-Westfalen 6° 7´ 28.494 Geilenkirchen
24%
Nordrhein-Westfalen 6° 15´ 41.955 Nettetal
22%
Nordrhein-Westfalen 6° 15´ 28.296 Kevelaer
18%
Nordrhein-Westfalen 6° 7´ 24.277 Übach-Palenberg
18%
Nordrhein-Westfalen 6° 13´ 41.192 Hückelhoven
16%
Nordrhein-Westfalen 6° 11´ 29.206 Baesweiler
14%
Nordrhein-Westfalen 6° 17´ 28.098 Wegberg
14%
Nordrhein-Westfalen 6° 14´ 57.684 Stolberg (Rheinland)
4%
Nordrhein-Westfalen 6° 15´ 31.829 Emmerich am Rhein
2%
Keine übereinstimmenden Quizze gefunden
Verteilung der Resultate
Anzahl Personen mit jedem Resultat
Perzentil nach korrekt beantworteten Fragen
Ihre Resultats-Entwicklung
Sie haben dieses Quiz noch nicht gespielt